Aplique C plus plus

Shranjeno v:
Bibliografske podrobnosti
Glavni avtor: Eckel, Bruce (Author)
Format: Knjiga
Jezik:španščina
Izdano: Madrid Osborne-McGraw-Hill 1991
Teme:
Oznake: Označite
Brez oznak, prvi označite!

MARC

LEADER 00000nam a2200000 a 4500
001 UCW2236
003 CL-VaPUC
008 930715e19910000SP |||||||||||||||||spa|d
082 0 4 |a 005.133  |b ECK  |2 21 
100 0 |a Eckel, Bruce  |e author  |9 306199 
245 1 0 |a Aplique C plus plus 
300 |a 521 p 
942 |c BK 
945 |d 19930715 00:00:00 
260 |a Madrid  |b Osborne-McGraw-Hill  |c 1991 
650 7 |a C PLUS PLUS  |2 CL-VaPUC  |9 306200 
650 0 |a Lenguajes de programación   |9 259458 
583 |a last modification  |c 20150106 02:35:12  |k Rodrigo Vera 
999 |c 216829  |d 216827